Un aborto para Mia.
Saved in:
| Hovedforfatter: | |
|---|---|
| Format: | Bog |
| Sprog: | spansk |
| Udgivet: |
Barcelona,España
Martínez Roca
1981
|
| Fag: | |
| Tags: |
Tilføj Tag
Ingen Tags, Vær først til at tagge denne postø!
|
MARC
| LEADER | 00000nam a2200000 a 4500 | ||
|---|---|---|---|
| 001 | UCL5120 | ||
| 003 | CL-VaPUC | ||
| 005 | 20210407001203.0 | ||
| 008 | 040305e19810000SP |||||||||||||||||spa|d | ||
| 999 | |c 307789 |d 307787 | ||
| 020 | |a 8427004648 | ||
| 040 | |c Pontificia Universidad Católica de Valparaíso | ||
| 082 | 0 | 4 | |a 839.703 BEC 1981 |2 21 |
| 100 | 0 | |a Beckman, Gunnel |9 482798 | |
| 245 | 1 | 0 | |a Un aborto para Mia. |
| 260 | 0 | 3 | |a Barcelona,España |b Martínez Roca |c 1981 |
| 300 | |a 135 páginas. | ||
| 583 | |a last modification |c 20040305 00:00:00 |k Rodrigo Vera | ||
| 650 | 0 | |a Aborto |9 256680 | |
| 650 | 0 | |a Problemas sociales |9 258537 | |
| 650 | 7 | |a LITERATURA SUECA |2 CL-VaPUC |9 482799 | |
| 650 | 7 | |a NOVELAS SUECAS |2 CL-VaPUC |9 345411 | |
| 942 | |c BK |2 ddc | ||
| 945 | |d 20040305 00:00:00 |a vberengu | ||
| 952 | |0 0 |1 0 |2 ddc |4 0 |6 839_703000000000000_BEC_1981 |7 0 |8 A |9 373909 |a BIBTEO |b BIBTEO |d 2019-11-21 |i 2104245 |o 839.703 BEC 1981 |p 2104245 |r 2025-01-17 |t 1 |w 2019-11-21 |y BK |k ICR | ||